000 00768nam a22002177a 4500
999 _c13948
_d13948
003 AR-CdUCM
008 190417b ||||| |||| 00| 0 spa d
040 _aMUNICIPALIDAD PROVINCIAL DEL CUSCO
_cBIBLIOTECA MUNICIPAL DEL CUSCO
082 _aC / 750.83 /
_bT17
100 _aTamayo Herrera, José
_911513
245 _aOnce salón de arte contemporáneo Cuzqueño :
_bplásticos del Cuzco /
260 _aCuzco :
_bAsociación de artistas,
_c1976.
300 _a34 páginas ;
_bIlustraciones,
_c22 cm.
505 _aContenido; Ilustraciones.
650 _aArte Cuzqueño
_926091
650 _aPintores
_96624
650 _aRealistas sociales
_932584
710 _aAsociación de artistas capilla de Lourdes
_932585
942 _2ddc
_cLIBROS
945 _aacv
_d2019-04-17